2022-2023 Cleveland Cavaliers roster - Statistics

General Stats
  • This quiz has been taken 45 times
  • The average score is 10 of 17
Answer Stats
Hint Answer % Correct
joined 2019 darius garland
100%
joined 2022 donovan mitchell
97%
joined 2021 jarrett allen
95%
joined 2021 evan mobley
92%
joined 2020 isaac okoro
82%
joined 2014 kevin love
82%
joined 2022 caris levert
74%
joined 2017 cedi osman
72%
joined 2021 ricky rubio
67%
joined 2022 raul neto
54%
joined 2022 robin lopez
46%
joined 2020 lamar stevens
33%
joined 2019 dean wade
31%
joined 2019 dylan windler
21%
joined 2022 isaiah mobley
18%
joined 2022 mamadi diakite
18%
joined 2022 sharife cooper
0%
No matching quizzes found
Score Distribution
Percent of People with Each Score
Percentile by Number Answered
Your Score History
You have not taken this quiz